000 00292nam a22001337a 4500
008 170225b xxu||||| |||| 00| 0 eng d
020 _a9781560532194
041 _aeng
080 _a617
100 _a5
101 _aSHK
245 _aPLASTIC SURGERY SECRETS
_cWEINZWEIG, J
942 _2udc
_cBK
999 _c6250
_d6250